Algorithms and their construction : [and], Computer hardware.

Saved in:
Bibliographic Details
Corporate Author: Open University. M251 Course Team
Format: Book
Language:English
Published: Bletchley, Bucks., Open U.P. 1973.
Series:Mathematics : a second level course. An algorithmic approach to computing ; units 6-7
Subjects:
LEADER 00963nam a2200253 i 4500
001 c000048981
003 CARM
005 00000000000000.0
008 730608s1973 ukk 00000 eng d
019 1 |a 58058484  |z 2589573  |5 LACONCORD2021 
020 |a 0335012922 
035 |a (OCoLC)220404853  |5 LACONCORD2021 
110 2 0 |a Open University.  |b M251 Course Team. 
245 1 0 |a Algorithms and their construction :  |b [and], Computer hardware. 
260 |a Bletchley, Bucks.,  |c Open U.P. 1973. 
300 |a 57, 56p. 
440 0 |a Mathematics : a second level course. An algorithmic approach to computing ;  |v units 6-7 
650 0 |a Algorithms. 
650 0 |a Electronic digital computers. 
852 8 |b CARM  |h A2:AQ15C0  |i D04371  |p 0186645  |f BK 
082 0 |a 001.424 
082 0 |a 001.6424 
999 f f |i 7e65ee05-b7ac-519c-b3ff-4d67a521ff04  |s 41828158-79f5-5709-943c-603fa3e34c08 
952 f f |p Can circulate  |a CAVAL  |b CAVAL  |c CAVAL  |d CARM 1 Store  |e D04371  |f A2:AQ15C0  |h Other scheme  |i book  |m 0186645